埼玉西武ライオンズ 2026 支配下・育成全選手 - Statistics

General Stats
  • This quiz has been taken 67 times
  • The average score is 55 of 100
Answer Stats
Hint Answer % Correct
5 外崎修汰
97%
6 源田壮亮
97%
1 栗山巧
95%
16 隅田知一郎
95%
51 西川愛也
92%
60 中村剛也
92%
61 平良海馬
92%
62 滝澤夏央
92%
7 桑原将志
89%
26 T.ネビン
89%
10 小島大河
86%
12 渡邉勇太朗
86%
22 古賀悠斗
86%
63 長谷川信哉
86%
8 渡部聖弥
84%
4 石井一成
81%
13 髙橋光成
81%
19 佐藤隼輔
81%
45 T.ウィンゲンター
81%
0 児玉亮涼
78%
00 仲田慶介
76%
2 齋藤大翔
76%
21 武内夏暉
76%
37 柘植世那
76%
136 高橋礼
76%
9 蛭間拓哉
73%
20 岩城颯空
73%
27 炭谷銀仁朗
73%
34 甲斐野央
73%
99 村田怜音
73%
17 松本航
70%
57 黒田将矢
70%
58 中村祐太
70%
15 與座海人
68%
39 平沢大河
68%
68 岸潤一郎
68%
73 林安可
68%
11 上田大河
65%
32 山村崇嘉
65%
36 山田陽翔
65%
52 篠原響
65%
71 菅井信也
65%
35 秋山俊
62%
43 羽田慎之介
62%
25 A.カナリオ
62%
90 浜屋将太
59%
56 E.ラミレス
59%
23 糸川亮太
57%
31 茶野篤政
57%
127 森脇亮介
57%
115 佐々木健
54%
40 堀越啓太
51%
44 林冠臣
51%
54 黒木優太
51%
120 野村大樹
51%
123 冨士大和
51%
118 斎藤桂紳
49%
42 ボー・タカハシ
49%
55 仲三河優太
46%
53 牧野翔矢
46%
46 狩生聖真
43%
47 杉山遥希
43%
50 高松渡
43%
64 龍山暖
43%
133 佐藤爽
43%
30 A.ワイナンス
43%
38 佐藤太陽
41%
139 オケム
41%
33 古川雄大
38%
70 豆田泰志
38%
116 奥村光一
38%
119 古賀輝希
38%
132 ラマル
38%
29 青山美夏人
35%
41 成田晴風
35%
112 今岡拓夢
35%
66 川田悠慎
32%
111 新井唯斗
32%
113 野田海人
32%
114 上間永遠
32%
122 是澤涼輔
32%
130 金子功児
32%
59 横田蒼和
30%
117 宮澤太成
30%
121 三浦大輝
27%
125 シンクレア
27%
138 福尾遥真
27%
126 谷口朝陽
22%
129 川下将勲
22%
135 安藤銀杜
22%
137 澤田遥斗
19%
142 K.フレッド
19%
124 濱岡蒼太
16%
128 平口寛人
16%
131 木瀬翔太
16%
134 正木悠馬
16%
144 J.ゴンザレス
16%
145 R.オリバー
16%
143 C.トーバー
11%
141 I.アゼッド
11%
No matching quizzes found
Score Distribution
Percent of People with Each Score
Percentile by Number Answered
Your Score History
You have not taken this quiz